Business, Administration : Project Management - III ( M. Com. - II ) (Record no. 362340)
[ view plain ]
| 000 -LEADER | |
|---|---|
| fixed length control field | 00409nam a22001577a 4500 |
| 005 - DATE AND TIME OF LATEST TRANSACTION | |
| control field | 20241219155421.0 |
| 008 - FIXED-LENGTH DATA ELEMENTS--GENERAL INFORMATION | |
| fixed length control field | 241219b |||||||| |||| 00| 0 eng d |
| 020 ## - INTERNATIONAL STANDARD BOOK NUMBER | |
| International Standard Book Number | 978-93-48016-98-0 |
| 041 ## - LANGUAGE CODE | |
| Language code of text/sound track or separate title | eng |
| 100 ## - MAIN ENTRY--PERSONAL NAME | |
| Author | Mithare, Y. & Others |
| 245 ## - TITLE STATEMENT | |
| Title | Business, Administration : Project Management - III ( M. Com. - II ) |
| 250 ## - EDITION STATEMENT | |
| Edition statement | 1st ed. |
| 260 ## - PUBLICATION, DISTRIBUTION, ETC. | |
| Place of publication, distribution, etc. | Pune |
| Name of publisher, distributor, etc. | Success |
| 300 ## - PHYSICAL DESCRIPTION | |
| Extent | 4.17 |
| 942 ## - ADDED ENTRY ELEMENTS (KOHA) | |
| Koha item type | Books |
| Withdrawn status | Lost status | Source of classification or shelving scheme | Damaged status | Not for loan | Home library | Current library | Date acquired | Vendor | Cost, normal purchase price | Bill number | Barcode | Date last seen | Bill Date | Koha item type | Original Barcode |
|---|---|---|---|---|---|---|---|---|---|---|---|---|---|---|---|
| Dewey Decimal Classification | Shri Siddhivinayak Mahila Mahavidyalaya | Shri Siddhivinayak Mahila Mahavidyalaya | 19/12/2024 | Success | 135.00 | 1150 | SSMM-BK-32099 | 17/11/2025 | 19/12/2024 | Books | 010032099 | ||||
| Dewey Decimal Classification | Shri Siddhivinayak Mahila Mahavidyalaya | Shri Siddhivinayak Mahila Mahavidyalaya | 19/12/2024 | Success | 135.00 | 1150 | SSMM-BK-32100 | 19/12/2024 | 19/12/2024 | Books | 010032100 | ||||
| Dewey Decimal Classification | Shri Siddhivinayak Mahila Mahavidyalaya | Shri Siddhivinayak Mahila Mahavidyalaya | 19/12/2024 | Success | 135.00 | 1150 | SSMM-BK-32101 | 19/12/2024 | 19/12/2024 | Books | 010032101 | ||||
| Dewey Decimal Classification | Shri Siddhivinayak Mahila Mahavidyalaya | Shri Siddhivinayak Mahila Mahavidyalaya | 19/12/2024 | Success | 135.00 | 1150 | SSMM-BK-32102 | 03/11/2025 | 19/12/2024 | Books | 010032102 | ||||
| Dewey Decimal Classification | Shri Siddhivinayak Mahila Mahavidyalaya | Shri Siddhivinayak Mahila Mahavidyalaya | 19/12/2024 | Success | 135.00 | 1150 | SSMM-BK-32103 | 19/12/2024 | 19/12/2024 | Books | 010032103 |